000
00274nam a2200109 4500
082
_a
954.91MUS
100
_a
Bareecho, Mushtaque Masroor
245
_a
Mutalae- Pakistan (Pak Study in Urdu)
260
_a
Hyderabad:
_b
Naseem Book Depot,
_c
2002.
300
_a
335p. ;
942
_c
BK
999
_c
5535
_d
5535